Statistics for Dead SNL Members

Click here to take the quiz!

General Stats

  • This quiz has been taken 50 times
  • The average score is 4 of 10

Answer Stats

Age at DeathYear of DeathYears on the ShowAnswer% Correct
3319971990-1995Chris Farley
96%
3319821975-1979John Belushi
91%
4219891975-1980Gilda Radner
84%
4919981986-1994Phil Hartman
78%
5720141986-1991Jan Hooks
29%
8620151975George Coe
13%
5920121977-1980Tom Davis
11%
4019941985-1986Danitra Vance
7%
6220171981-1982Tony Rosato
7%
5419941975Michael O'Donoghue
4%

Score Distribution

Percentile by Number Answered

Percent of People with Each Score

Your Score History

You have not taken this quiz